[Event "Krapina op 12th"]
[Site "Krapina"]
[Date "2024.01.20"]
[Round "3"]
[White "Bajlo, Kristijan"]
[Black "Novosel, Vladimir"]
[Result "1-0"]
[WhiteElo "2181"]
[BlackElo "1887"]
[PlyCount "137"]
[EventDate "2024.01.19"]
[EventType "swiss"]
[EventRounds "7"]
[EventCountry "CRO"]
[SourceTitle "CB06_2024"]
[SourceDate "2024.02.07"]
[SourceVersion "1"]
[SourceVersionDate "2024.02.07"]
[SourceQuality "1"]

1. e4 c6 2. Nc3 d5 3. d3 dxe4 4. Nxe4 Nf6 5. Nxf6+ exf6 6. Nf3 Bd6 7. Be2 0-0 8. 0-0 Re8 9. Re1 Nd7 10. d4 Nf8 11. Be3 Qc7 12. Qd2 Bg4 13. h3 Bxf3 14. Bxf3 Ng6 15. Qd3 Rad8 16. Qb3 Nh4 17. Be2 Nf5 18. Bf1 b6 19. Kh1 Bf4 20. Bc4 Bxe3 21. fxe3 b5 22. Bd3 Ng3+ 23. Kg1 Re7 24. a4 a6 25. c4 g6 26. axb5 axb5 27. cxb5 cxb5 28. Qxb5 Rb8 29. Qa6 Re6 30. Qa7 Rb7 31. Qa3 Reb6 32. Rac1 Qb8 33. Ba6 Rc7 34. Rxc7 Qxc7 35. b4 Qa7 36. Ra1 Nf5 37. b5 Re6 38. Bc8 Qxa3 39. Rxa3 Rb6 40. Bxf5 gxf5 41. Rb3 f4 42. e4 f5 43. e5 f6 44. Kf2 fxe5 45. dxe5 Kf7 46. Kf3 Rg6 47. Kxf4 Rxg2 48. b6 Rg8 49. b7 Rb8 50. Kxf5 Ke7 51. Rb6 Kf7 52. h4 Ke7 53. Rh6 Rf8+ 54. Ke4 Rb8 55. Rxh7+ Ke6 56. Rh6+ Kd7 57. Kd5 Kc7 58. Rh7+ Kb6 59. Rd7 Rh8 60. Rh7 Rd8+ 61. Ke6 Ka7 62. h5 Re8+ 63. Kf6 Rf8+ 64. Rf7 Rg8 65. e6 Rh8 66. e7 Rh6+ 67. Kg5 Re6 68. b8Q+ Kxb8 69. Rf8+ 1-0

[Event "Hum na Sutli op 15th"]
[Site "Hum na Sutli"]
[Date "2023.09.01"]
[Round "8"]
[White "Novosel, Vladimir"]
[Black "Galoic, Boris"]
[Result "1/2-1/2"]
[WhiteElo "1890"]
[BlackElo "2058"]
[PlyCount "121"]
[EventDate "2023.08.26"]
[EventType "swiss"]
[EventRounds "9"]
[EventCountry "CRO"]
[SourceTitle "EXT 2024"]
[Source "ChessBase"]
[SourceDate "2023.10.10"]
[SourceVersion "1"]
[SourceVersionDate "2023.10.10"]
[SourceQuality "1"]

1. e4 e5 2. Nf3 Nc6 3. Bc4 Bc5 4. b4 Bxb4 5. c3 Be7 6. Qb3 Nh6 7. d4 Na5 8. Qa4 c6 9. Bd3 b5 10. Qc2 exd4 11. cxd4 Bb4+ 12. Nc3 Ng8 13. Rb1 Be7 14. 0-0 h6 15. Re1 b4 16. Ne2 Nf6 17. Ng3 Nh7 18. d5 0-0 19. d6 Bg5 20. Nxg5 Nxg5 21. Rxb4 Ne6 22. Be3 c5 23. Bxc5 Nc6 24. Rbb1 Qa5 25. Be3 Ba6 26. Bxa6 Qxa6 27. Qd2 Ne5 28. f4 Ng4 29. f5 Nxe3 30. Rxe3 Nc5 31. Nh5 Rab8 32. Rbe1 Qb6 33. Qd4 f6 34. Rc1 Na4 35. Qxb6 Rxb6 36. Ra3 Rb4 37. Rc7 Nb6 38. Ng3 Rd4 39. Raxa7 Rxd6 40. a4 Rc6 41. a5 Nc8 42. Rxc6 Nxa7 43. Rc7 Nc6 44. a6 Ra8 45. Rxd7 Rxa6 46. Nh5 Ra7 47. Rd6 Ne5 48. Rd8+ Kf7 49. Rb8 Nd3 50. Kf1 Re7 51. Ng3 Ra7 52. Ke2 Ne5 53. Nh5 Ra2+ 54. Kf1 Ra1+ 55. Kf2 Ra2+ 56. Ke3 Rxg2 57. Rb7+ Kf8 58. Rb8+ Ke7 59. Rb7+ Nd7 60. Kf3 Rxh2 61. Nxg7 1/2-1/2

[Event "Krapina op 11th"]
[Site "Krapina"]
[Date "2023.01.14"]
[Round "5"]
[White "Mlinaric, Andrija"]
[Black "Novosel, Vladimir"]
[Result "1/2-1/2"]
[WhiteElo "1789"]
[BlackElo "1906"]
[PlyCount "146"]
[EventDate "2023.01.13"]
[EventType "swiss"]
[EventRounds "7"]
[EventCountry "CRO"]
[SourceTitle "CBM 212 Extra"]
[Source "ChessBase"]
[SourceDate "2023.03.31"]
[SourceVersion "1"]
[SourceVersionDate "2023.03.31"]
[SourceQuality "1"]

1. d4 d5 2. Nf3 Nf6 3. c4 e6 4. g3 dxc4 5. Qa4+ Qd7 6. Qxc4 Qc6 7. Nbd2 Qxc4 8. Nxc4 Bb4+ 9. Bd2 Bxd2+ 10. Nfxd2 Nc6 11. Nb3 Nb4 12. Ne3 Nfd5 13. Nxd5 exd5 14. Kd2 b6 15. a3 Na6 16. Rc1 Bb7 17. e3 0-0-0 18. Rc3 Kb8 19. Be2 Rd7 20. Rhc1 g6 21. Bb5 Re7 22. Na1 Rc8 23. b4 Ka8 24. Bf1 f5 25. Nc2 Nb8 26. b5 a5 27. Ne1 c6 28. Nd3 Rec7 29. a4 Nd7 30. Nf4 Nf6 31. Bg2 c5 32. Ne6 Re7 33. dxc5 Rxe6 34. c6 Ba6 35. f3 Rc7 36. bxa6 Ka7 37. Bf1 Rd6 38. Bb5 d4 39. exd4 Rxd4+ 40. Rd3 Rxd3+ 41. Kxd3 Nd5 42. Kd4 Nb4 43. Rc3 Nxa6 44. Bxa6 Kxa6 45. Kd5 Ka7 46. Kd6 Rc8 47. Kd7 Kb8 48. Rb3 Rc7+ 49. Kd6 Rf7 50. Rxb6+ Kc8 51. Ra6 Kb8 52. Rxa5 Rf6+ 53. Kc5 f4 54. Rb5+ Kc8 55. g4 h5 56. h3 hxg4 57. hxg4 Re6 58. Kb6 Re3 59. Rg5 Rb3+ 60. Kc5 Rxf3 61. Rxg6 Ra3 62. Kb4 Ra1 63. Ka5 Kc7 64. Rf6 Rf1 65. g5 Rg1 66. g6 f3 67. Kb5 Rg5+ 68. Kc4 f2 69. Rf7+ Kxc6 70. Rf6+ Kb7 71. Rxf2 Rxg6 72. Rf5 Ka6 73. Kc5 Ka5 1/2-1/2

[Event "Krapina op 11th"]
[Site "Krapina"]
[Date "2023.01.13"]
[Round "2"]
[White "Novosel, Vladimir"]
[Black "Novak, Ratko"]
[Result "1-0"]
[WhiteElo "1906"]
[BlackElo "2073"]
[PlyCount "139"]
[EventDate "2023.01.13"]
[EventType "swiss"]
[EventRounds "7"]
[EventCountry "CRO"]
[SourceTitle "CBM 212 Extra"]
[Source "ChessBase"]
[SourceDate "2023.03.31"]
[SourceVersion "1"]
[SourceVersionDate "2023.03.31"]
[SourceQuality "1"]

1. e4 d5 2. exd5 c6 3. Nf3 cxd5 4. d4 Nc6 5. c3 f6 6. Bb5 Bg4 7. h3 Bh5 8. Bf4 e6 9. 0-0 Bd6 10. Bxd6 Qxd6 11. Qd3 Nge7 12. Re1 0-0 13. Nbd2 Rad8 14. Qe3 Bf7 15. Rad1 Nf5 16. Qe2 Rfe8 17. Nf1 h6 18. Bd3 Nfe7 19. Ng3 Ng6 20. Qd2 Nf4 21. Ne2 Nxd3 22. Qxd3 e5 23. dxe5 fxe5 24. Nh2 Qc5 25. Qg3 Re6 26. Nc1 Rg6 27. Nb3 Qb6 28. Qh4 a5 29. Rd2 Rf8 30. Nf3 e4 31. Nh2 Ne5 32. Nd4 a4 33. Nf5 Kh7 34. Ne7 Rd6 35. Red1 Qc5 36. Qg3 Nd3 37. Nf5 Rg6 38. Qe3 Qc7 39. Nh4 Rg5 40. N2f3 exf3 41. Nxf3 Nf4 42. Nxg5+ hxg5 43. Qg3 Qe5 44. Qe3 Qf5 45. g4 Qf6 46. Qg3 Re8 47. Kh2 Bg6 48. f3 Re3 49. Re1 Qe5 50. Rxe3 Qxe3 51. Qf2 Qe5 52. Qg3 Bd3 53. Rf2 Qe3 54. Kh1 Qe1+ 55. Kh2 Qe3 56. Kh1 Ne2 57. Qh2 Qc1+ 58. Kg2 Nf4+ 59. Kg3 Qe1 60. h4 Kg6 61. hxg5 Kxg5 62. Qh4+ Kg6 63. Kxf4 Qc1+ 64. Kg3 Qg1+ 65. Kf4 Qc1+ 66. Ke5 Qe3+ 67. Kxd5 Kf7 68. g5 Qe6+ 69. Kc5 Qc6+ 70. Kb4 1-0

[Event "Krapina op 10th"]
[Site "Krapina"]
[Date "2020.01.18"]
[Round "4"]
[White "Krklec, Josip"]
[Black "Novosel, Vladimir"]
[Result "1-0"]
[WhiteElo "2012"]
[BlackElo "1945"]
[PlyCount "115"]
[EventDate "2020.01.16"]
[EventType "swiss"]
[EventRounds "7"]
[EventCountry "CRO"]
[SourceTitle "CBM 194 Extra"]
[Source "ChessBase"]
[SourceDate "2020.03.31"]
[SourceVersion "1"]
[SourceVersionDate "2020.03.31"]
[SourceQuality "1"]

1. Nf3 d5 2. d4 Nf6 3. c4 e6 4. Bg5 Be7 5. Nc3 0-0 6. e3 c6 7. Bd3 Nbd7 8. 0-0 Re8 9. Qc2 Nf8 10. Ne5 N6d7 11. Bf4 Nf6 12. h3 Ng6 13. Bg3 Nd7 14. Nxg6 hxg6 15. cxd5 exd5 16. Nxd5 Bd6 17. Bxd6 cxd5 18. Bf4 Nf8 19. Qb3 Ne6 20. Bg3 Ng5 21. Rfc1 b6 22. Bc7 Qf6 23. Qxd5 Be6 24. Qe5 Qxe5 25. Bxe5 Bd5 26. Bc4 Bb7 27. Bb3 Rac8 28. f3 Rxc1+ 29. Rxc1 Rc8 30. Rxc8+ Bxc8 31. d5 Bd7 32. e4 f6 33. Bc7 Kf8 34. Bc4 Nf7 35. Ba6 Ke7 36. Kf2 Nd6 37. Ke3 g5 38. Bf1 g6 39. Bxd6+ Kxd6 40. Kd4 Ba4 41. g3 Bc2 42. f4 gxf4 43. gxf4 Bd1 44. e5+ Ke7 45. h4 Bg4 46. Bd3 f5 47. d6+ Ke6 48. Bc4+ Kd7 49. Bd5 Be2 50. Bf7 Bh5 51. b4 a6 52. Bc4 a5 53. bxa5 bxa5 54. Kc5 Bf3 55. Kb6 a4 56. Bb5+ Ke6 57. Bxa4 Bd5 58. Bb3 1-0

[Event "Krapina-ch 8th "]
[Site "Krapina"]
[Date "2018.01.21"]
[Round "6"]
[White "Novosel, Vladimir"]
[Black "Bockaj, Ivan"]
[Result "1/2-1/2"]
[WhiteElo "1948"]
[BlackElo "1879"]
[PlyCount "112"]
[EventDate "2018.01.18"]
[EventType "swiss"]
[EventRounds "7"]
[EventCountry "CRO"]
[SourceTitle "EXT 2019"]
[Source "ChessBase"]
[SourceDate "2018.10.10"]
[SourceVersion "1"]
[SourceVersionDate "2018.10.10"]
[SourceQuality "1"]

1. e4 c6 2. d4 d5 3. Nc3 dxe4 4. Nxe4 Nf6 5. Nxf6+ gxf6 6. Bf4 Bf5 7. Qd2 e6 8. Nf3 Nd7 9. Bd3 Bg6 10. 0-0 Nb6 11. Rfe1 Bg7 12. c3 0-0 13. h4 Nd5 14. Bxg6 hxg6 15. Bg3 Ne7 16. Bh2 Qd5 17. Qf4 Rac8 18. Qd6 Rfe8 19. Qxd5 Nxd5 20. a4 Bf8 21. Nd2 Kg7 22. a5 a6 23. Nc4 Red8 24. Ne3 Nxe3 25. fxe3 Bd6 26. Red1 Bxh2+ 27. Kxh2 Rh8 28. Kg3 Rh5 29. Ra4 Rc7 30. Rda1 Kf8 31. Kh3 Ke7 32. g4 Rh8 33. e4 Kd6 34. Rf1 Ke7 35. Kg3 Rcc8 36. Rb4 Rc7 37. Rh1 g5 38. h5 Kd6 39. Rf1 Rh6 40. c4 Ke7 41. Rf3 Kd7 42. e5 f5 43. gxf5 Rxh5 44. fxe6+ Kxe6 45. Rfb3 Rh4 46. Rxb7 Rxb7 47. Rxb7 Rxd4 48. b3 Kxe5 49. Rxf7 Rd3+ 50. Kg4 Rxb3 51. Ra7 c5 52. Rxa6 Kd4 53. Ra8 Kxc4 54. a6 Kc3 55. Rc8 Ra3 56. Rxc5+ Kb4 1/2-1/2

[Event "Krapina-ch 8th "]
[Site "Krapina"]
[Date "2018.01.19"]
[Round "3"]
[White "Jelecevic, Ivo"]
[Black "Novosel, Vladimir"]
[Result "1-0"]
[WhiteElo "2102"]
[BlackElo "1948"]
[PlyCount "119"]
[EventDate "2018.01.18"]
[EventType "swiss"]
[EventRounds "7"]
[EventCountry "CRO"]
[SourceTitle "EXT 2019"]
[Source "ChessBase"]
[SourceDate "2018.10.10"]
[SourceVersion "1"]
[SourceVersionDate "2018.10.10"]
[SourceQuality "1"]

1. e4 d5 2. exd5 Qxd5 3. Nc3 Qa5 4. d4 c6 5. Bc4 Nf6 6. Nf3 Bg4 7. h3 Bh5 8. g4 Bg6 9. Bd2 Qc7 10. Ne5 e6 11. h4 Be4 12. Nxe4 Nxe4 13. Be3 Nd6 14. Bb3 Nd7 15. Qf3 Nxe5 16. dxe5 Qa5+ 17. c3 Qxe5 18. 0-0-0 Qf6 19. Qg3 Qe7 20. Rhe1 h5 21. Bg5 Qd7 22. gxh5 Rxh5 23. Qg4 Rxg5 24. Qxg5 Qe7 25. Qg4 0-0-0 26. h5 Qf6 27. f3 Kc7 28. Rd3 Be7 29. Kb1 Qf5 30. Bc2 Qxg4 31. fxg4 Bf6 32. Red1 Be7 33. Rf3 Rh8 34. Bb3 Bf6 35. Rfd3 Be7 36. Bc2 Rh6 37. Ba4 Rf6 38. Rd4 b5 39. Bb3 Rh6 40. a4 a6 41. c4 e5 42. R4d3 e4 43. Rd4 bxc4 44. Bxc4 Kb6 45. a5+ Kb7 46. Bxf7 Rf6 47. Bb3 Kc7 48. Rc1 Rf4 49. Bd5 Rxg4 50. Bxc6 Kb8 51. Re1 Bf8 52. Rh1 Kc7 53. Bd5 Nb5 54. Rc1+ Kd6 55. Rdd1 Ke5 56. Bb7 Bb4 57. Rd5+ Ke6 58. Bc8+ Kxd5 59. Bxg4 Bxa5 60. Be2 1-0

[Event "Hum na Sutli op 11th"]
[Site "Hum na Sutli"]
[Date "2017.08.28"]
[Round "4"]
[White "Novosel, Vladimir"]
[Black "Rogulj, Branko"]
[Result "0-1"]
[WhiteElo "1939"]
[BlackElo "2400"]
[PlyCount "120"]
[EventDate "2017.08.25"]
[EventType "swiss"]
[EventRounds "9"]
[EventCountry "CRO"]
[SourceTitle "EXT 2018"]
[Source "ChessBase"]
[SourceDate "2017.10.13"]
[SourceVersion "1"]
[SourceVersionDate "2017.10.13"]
[SourceQuality "1"]

1. e4 Nf6 2. Nc3 e6 3. d4 d5 4. Bg5 Bb4 5. e5 h6 6. Bd2 Nfd7 7. Qg4 Bf8 8. b4 b6 9. b5 a6 10. Nh3 axb5 11. Nxb5 Ba6 12. f4 g6 13. Bd3 h5 14. Qg3 c6 15. Nc3 Bxd3 16. Qxd3 c5 17. Ng5 Rg8 18. Nb5 cxd4 19. Nxd4 Ra3 20. Qb5 Bc5 21. Nb3 Qc7 22. Bc1 Ra8 23. a4 Qc6 24. Bb2 Ke7 25. Ke2 Rc8 26. Kd3 Na6 27. Qxc6 Nb4+ 28. Kd2 Nxc6 29. Nf3 Ra7 30. Ba3 Rca8 31. a5 Nxa5 32. Nxa5 Rxa5 33. Bb2 Bb4+ 34. c3 Bc5 35. Rxa5 bxa5 36. Ra1 Nb6 37. Kc2 Nc4 38. Bc1 a4 39. g3 f6 40. Nd2 fxe5 41. Nxc4 dxc4 42. Ba3 Bxa3 43. Rxa3 exf4 44. gxf4 Kf6 45. Kb2 Kf5 46. Ra1 Rb8+ 47. Kc2 Kxf4 48. Rxa4 Rc8 49. Kd2 e5 50. h4 Rc6 51. Ke2 e4 52. Ra8 Kg4 53. Ke3 Kxh4 54. Kxe4 g5 55. Kd5 Rc7 56. Kd6 Rf7 57. Ra1 Rf3 58. Rc1 g4 59. Kd5 g3 60. Ke4 Kg4 0-1